000 00455nam a2200181Ia 4500
001 14966
005 20260306164953.0
008 260306t1996||||xx |||||||||||||| ||spa||
041 _aESP
082 _a519.5
_bW35
100 _aWebster, Allen L.
_eAUT
245 0 _aEstadística aplicada para administración y economía
260 _c1996
300 _axx., 1117 páginas :
_c23 cm.
650 _aGEN
654 _aCMA
942 _cLIB
_dJUS
_fJUS
_2ddc
_n
999 _c14966
_d14966